Départements Comptant Plus de Vaches que d'Habitants - Statistiques

Statistiques générales
  • Ce quiz a été pris 58 fois
  • Le résultat moyen est 7 sur 13
Statistiques - réponses
Département % Correct
Creuse
87%
Corrèze
75%
Lozère
73%
Allier
65%
Cantal
65%
Aveyron
62%
Mayenne
50%
Meuse
48%
Manche
46%
Orne
46%
Nièvre
44%
Saône-et-Loire
40%
Haute-Marne
38%
Aucun quiz correspondant
Distribution des résultats
% des personnes avec chaque résultat
Percentile par nombre de réponses
Votre historique - résultats
Vous n’avez pas pris ce quiz